[Event "DEM U12w 2018"]
[Site "Willingen GER"]
[Date "2018.05.20"]
[Round "2"]
[White "Hentschel, Lena"]
[Black "Voigt, Anastasia"]
[Result "1-0"]
[Termination "normal"]
[Board "14"]
[WhiteElo "1466"]
[BlackElo "1281"]
[PlyCount "125"]
[WhiteFideId "16240324"]
[BlackFideId "16235223"]
[EventCountry "GER"]
[EventRounds "11"]
[EventType "swiss"]
[EventDate "2018.05.19"]

1. d4 d5 2. Bf4 Nc6 3. Nf3 Bf5 4. e3 e6 5. Bd3 Bg6 6. O-O Nf6 7. h3 Bd6 8. Bh2
Qe7 9. c4 Bxh2+ 10. Kxh2 Bxd3 11. Qxd3 O-O-O 12. cxd5 exd5 13. a3 Ne4 14. Nc3
Rhg8 15. b4 g5 16. Na4 h5 17. g3 Qd6 18. Kg2 h4 19. g4 Rdf8 20. Nc5 Qe7 21.
Nxb7 f5 22. Nc5 Nxc5 23. bxc5 fxg4 24. hxg4 Qe6 25. Nh2 Qh6 26. Kh3 Rf7 27. f3
Na5 28. e4 Rd8 29. exd5 Rxd5 30. Qe4 Rfd7 31. Rad1 Nc6 32. f4 Rxd4 33. Rxd4
Rxd4 34. Qf5+ Kb7 35. Rb1+ Ka6 36. Qc8+ Ka5 37. Qxc7+ Ka4 38. fxg5 Rd3+ 39. Kg2
h3+ 40. Kh1 Qe6 41. Qf4+ Kxa3 42. Qc1+ Ka4 43. Qc2+ Rb3 44. Qxb3+ Qxb3 45. Rxb3
Kxb3 46. g6 Ne7 47. g7 a5 48. c6 a4 49. c7 a3 50. c8=Q Kb2 51. Qb7+ Ka1 52.
Qxe7 a2 53. Qa3 Kb1 54. Qxa2+ Kxa2 55. g8=Q+ Kb2 56. Qc4 Ka3 57. Qb5 Ka2 58.
Kg1 Ka3 59. Kf2 Ka2 60. Ke2 Ka3 61. Kd2 Ka2 62. Kc2 Ka3 63. Qb3# 1-0

[Event "DEM U12w 2018"]
[Site "Willingen GER"]
[Date "2018.05.20"]
[Round "2"]
[White "Kumas, Alina"]
[Black "Adelmeyer, Nelly"]
[Result "0-1"]
[Termination "normal"]
[Board "15"]
[WhiteElo "1157"]
[BlackElo "1416"]
[PlyCount "66"]
[WhiteFideId "16235789"]
[BlackFideId "16203577"]
[EventCountry "GER"]
[EventRounds "11"]
[EventType "swiss"]
[EventDate "2018.05.19"]

1. e4 c5 2. Nf3 d6 3. d4 cxd4 4. Nxd4 Nc6 5. Bb5 Bd7 6. Nc3 a6 7. Bc4 Nf6 8.
O-O g6 9. Be3 Bg7 10. f3 O-O 11. Qd2 Re8 12. Kf2 Qc7 13. Rh1 Rac8 14. Bb3 Na5
15. h4 Nxb3 16. axb3 Qb8 17. h5 Nxh5 18. Nf5 Bxf5 19. exf5 d5 20. fxg6 Qg3+ 21.
Kg1 Qxg6 22. Qxd5 Ng3 23. Rh3 Bxc3 24. bxc3 Ne2+ 25. Kf2 Nxc3 26. Qe5 Qxc2+ 27.
Kg1 f6 28. Qe6+ Kh8 29. Rxh7+ Qxh7 30. g3 Ne2+ 31. Kg2 Rg8 32. g4 Rc2 33. Bf2
Nf4+ 0-1

[Event "DEM U12w 2018"]
[Site "Willingen GER"]
[Date "2018.05.20"]
[Round "2"]
[White "Petersen, Sophie"]
[Black "Müller, Alina"]
[Result "1-0"]
[Termination "normal"]
[Board "16"]
[WhiteElo "1431"]
[BlackElo "1208"]
[PlyCount "53"]
[WhiteFideId "16229380"]
[BlackFideId "16265939"]
[EventCountry "GER"]
[EventRounds "11"]
[EventType "swiss"]
[EventDate "2018.05.19"]

1. e4 e6 2. d4 d5 3. exd5 exd5 4. Bd3 Bd6 5. Nf3 Nf6 6. O-O O-O 7. Bg5 Bg4 8.
Nbd2 c6 9. c3 Bc7 10. Qc2 Kh8 11. Ne5 Bh5 12. Rfe1 Qd6 13. Bf4 Qd8 14. Bg3 Nbd7
15. f4 Bg6 16. Bh4 Bxd3 17. Qxd3 Qc8 18. c4 dxc4 19. Ndxc4 Nd5 20. a3 f6 21.
Nxd7 Qxd7 22. Bg3 Rae8 23. f5 Bxg3 24. Qxg3 Ne7 25. Qd6 Qxd6 26. Nxd6 Rd8 27.
Nxb7 1-0

[Event "DEM U12w 2018"]
[Site "Willingen GER"]
[Date "2018.05.20"]
[Round "2"]
[White "Alhassan, Jodi"]
[Black "Buchholz, Maja"]
[Result "0-1"]
[Termination "normal"]
[Board "17"]
[WhiteElo "1114"]
[BlackElo "1320"]
[PlyCount "80"]
[WhiteFideId "16250460"]
[BlackFideId "16200500"]
[EventCountry "GER"]
[EventRounds "11"]
[EventType "swiss"]
[EventDate "2018.05.19"]

1. e4 c5 2. Nf3 d6 3. d4 cxd4 4. Nxd4 Nf6 5. Nc3 g6 6. Be3 Bg7 7. f3 O-O 8. Qd2
Nc6 9. O-O-O Bd7 10. Bc4 Rb8 11. g4 Qc7 12. h4 Rfc8 13. h5 Nxd4 14. Bxf7+ Kxf7
15. Bxd4 Be6 16. h6 Bh8 17. Kb1 Kg8 18. g5 Ne8 19. Bxh8 Kxh8 20. Qd4+ Kg8 21.
f4 Qc5 22. Qd3 Qc4 23. Qxc4 Rxc4 24. Rdf1 b5 25. Nd5 Bxd5 26. exd5 Rd4 27. f5
Kf7 28. Rh2 Rxd5 29. Rhf2 Rxf5 30. Rxf5+ gxf5 31. Rxf5+ Kg6 32. Rf2 Kxg5 33.
Rh2 e5 34. Kc1 d5 35. Kd2 Rb6 36. c3 Rxh6 37. Rxh6 Kxh6 38. b4 Nd6 39. Kd3 Kg5
40. a3 Nc4 0-1

[Event "DEM U12w 2018"]
[Site "Willingen GER"]
[Date "2018.05.20"]
[Round "2"]
[White "Nguyen, Jenny Ha-Linh"]
[Black "Feige, Adelina"]
[Result "0-1"]
[Termination "normal"]
[Board "18"]
[WhiteElo "1360"]
[BlackElo "1166"]
[PlyCount "92"]
[WhiteFideId "16209729"]
[BlackFideId "16265955"]
[EventCountry "GER"]
[EventRounds "11"]
[EventType "swiss"]
[EventDate "2018.05.19"]

1. e4 e5 2. Nf3 Nc6 3. Bc4 Bc5 4. c3 Nf6 5. d3 h6 6. O-O d6 7. Bb3 Bg4 8. Nbd2
O-O 9. h3 Bh5 10. Re1 Qe7 11. Nf1 Rad8 12. Ng3 Bg6 13. Bc2 Rfe8 14. Nh4 Rd7 15.
Ngf5 Qd8 16. Bd2 Ne7 17. Qc1 Nxf5 18. Nxf5 Nh5 19. a4 Bxf5 20. exf5 d5 21. Qd1
Qh4 22. Qf3 e4 23. g3 Nxg3 24. Qg2 Nxf5 25. b4 Bxf2+ 26. Qxf2 Qxh3 27. Qg2
Qxg2+ 28. Kxg2 Rd6 29. Bf4 Rg6+ 30. Kh3 e3 31. d4 Ne7 32. Bxg6 Nxg6 33. Bxe3 f5
34. Bf2 Rxe1 35. Rxe1 Nf4+ 36. Kg3 Nh5+ 37. Kh4 Nf6 38. Re5 g5+ 39. Kh3 Nh5 40.
Rxf5 Nf4+ 41. Kg3 Ne2+ 42. Kg4 Nxc3 43. a5 b6 44. Be1 Ne4 45. Kh5 Kg7 46. Rxd5
Nf6# 0-1

[Event "DEM U12w 2018"]
[Site "Willingen GER"]
[Date "2018.05.20"]
[Round "2"]
[White "von Rosen, Anna"]
[Black "Heckler, Florentine"]
[Result "1/2-1/2"]
[Termination "normal"]
[Board "19"]
[WhiteElo "1395"]
[BlackElo "1284"]
[PlyCount "69"]
[WhiteFideId "12982997"]
[BlackFideId "16240316"]
[EventCountry "GER"]
[EventRounds "11"]
[EventType "swiss"]
[EventDate "2018.05.19"]

1. e4 c5 2. Nf3 Nc6 3. d4 cxd4 4. Nxd4 e5 5. Nxc6 bxc6 6. Bc4 Nf6 7. Nc3 Bb7 8.
O-O d5 9. exd5 cxd5 10. Bb5+ Ke7 11. Bg5 d4 12. Ne2 Qd5 13. f3 Qxb5 14. Qd3
Qxd3 15. cxd3 h6 16. Bd2 Ke8 17. Rac1 Ba6 18. f4 Bxd3 19. fxe5 Bxe2 20. Rfe1
Nd7 21. Rxe2 Bc5 22. Kf1 Rf8 23. Rf2 Bb6 24. Bb4 Rg8 25. Rfc2 f6 26. e6 Nc5 27.
Bxc5 Bxc5 28. Rxc5 Ke7 29. Rd5 Rad8 30. Rxd8 Rxd8 31. Rc7+ Kxe6 32. Rxa7 d3 33.
Ke1 d2+ 34. Kd1 Ke5 35. Ra4 1/2-1/2

[Event "DEM U12w 2018"]
[Site "Willingen GER"]
[Date "2018.05.20"]
[Round "2"]
[White "Ulrich, Helena Irene"]
[Black "Gossing, Marie-Sophie"]
[Result "0-1"]
[Termination "normal"]
[Board "20"]
[WhiteElo "1282"]
[BlackElo "1309"]
[PlyCount "60"]
[WhiteFideId "16256000"]
[BlackFideId "16217284"]
[EventCountry "GER"]
[EventRounds "11"]
[EventType "swiss"]
[EventDate "2018.05.19"]

1. e4 e5 2. Nf3 Nf6 3. Nxe5 d6 4. Nf3 Nxe4 5. Nc3 Qe7 6. Be2 Bf5 7. Nd5 Qd8 8.
d3 Nf6 9. Bg5 Be7 10. Nxe7 Qxe7 11. O-O O-O 12. Re1 Nbd7 13. Qd2 Qd8 14. c4 c6
15. Qf4 Bg6 16. Qxd6 Qb6 17. Qa3 Rfe8 18. Qc3 Bh5 19. Rad1 Qc5 20. Qa3 Qf5 21.
Qc3 Bxf3 22. Bxf6 Bxe2 23. Rd2 Nxf6 24. Rdxe2 Red8 25. Re3 Ng4 26. Rf3 Qd7 27.
h3 Nf6 28. Ree3 b5 29. Qe5 bxc4 30. dxc4 Qd2 0-1

[Event "DEM U12w 2018"]
[Site "Willingen GER"]
[Date "2018.05.21"]
[Round "3"]
[White "Wagner, Margarethe"]
[Black "Butenandt, Svenja"]
[Result "1-0"]
[Termination "normal"]
[Board "1"]
[WhiteElo "1515"]
[BlackElo "1730"]
[WhiteClock "00:18:23"]
[BlackClock "00:03:29"]
[PlyCount "75"]
[WhiteFideId "16236947"]
[BlackFideId "12993859"]
[EventCountry "GER"]
[EventRounds "11"]
[EventType "swiss"]
[EventDate "2018.05.19"]

1. e4 {[%clk 1:15:59]} 1... c5 {[%clk 1:15:55]} 2. Nf3 {[%clk 1:16:24]} 2... e6
{[%clk 1:16:21]} 3. d4 {[%clk 1:16:35]} 3... cxd4 {[%clk 1:16:45]} 4. Nxd4 {
[%clk 1:16:56]} 4... Nf6 {[%clk 1:17:02]} 5. Nc3 {[%clk 1:16:35]} 5... d6 {
[%clk 1:17:27]} 6. Be3 {[%clk 1:16:27]} 6... a6 {[%clk 1:17:51]} 7. f3 { [%clk
1:16:34]} 7... b5 {[%clk 1:17:30]} 8. Qd2 {[%clk 1:16:06]} 8... Bb7 { [%clk
1:17:42]} 9. g4 {[%clk 1:14:54]} 9... Qc7 {[%clk 1:15:21]} 10. Bd3 { [%clk
1:11:14]} 10... Nfd7 {[%clk 1:07:58]} 11. Rg1 {[%clk 1:07:39]} 11... Nb6 {[%clk
1:06:19]} 12. f4 {[%clk 1:02:14]} 12... Nc4 {[%clk 0:59:13]} 13. Bxc4 { [%clk
1:02:28]} 13... Qxc4 {[%clk 0:59:25]} 14. Qd3 {[%clk 1:02:33]} 14... Qxd3
{[%clk 0:58:21]} 15. cxd3 {[%clk 1:02:58]} 15... Nd7 {[%clk 0:56:53]} 16. b4 {
[%clk 0:59:30]} 16... d5 {[%clk 0:46:21]} 17. a3 {[%clk 0:55:30]} 17... dxe4 {
[%clk 0:44:53]} 18. dxe4 {[%clk 0:54:13]} 18... e5 {[%clk 0:41:37]} 19. Nb3 {
[%clk 0:51:07]} 19... exf4 {[%clk 0:40:39]} 20. Bxf4 {[%clk 0:51:04]} 20... Rc8
{[%clk 0:34:19]} 21. Rc1 {[%clk 0:49:32]} 21... Nb6 {[%clk 0:28:13]} 22. Na5 {
[%clk 0:46:59]} 22... Ba8 {[%clk 0:28:23]} 23. Ke2 {[%clk 0:46:14]} 23... Nc4 {
[%clk 0:26:50]} 24. Nxc4 {[%clk 0:45:41]} 24... Rxc4 {[%clk 0:27:10]} 25. Rgd1
{[%clk 0:36:35]} 25... Be7 {[%clk 0:19:40]} 26. Ke3 {[%clk 0:34:25]} 26... O-O
{[%clk 0:13:35]} 27. Nd5 {[%clk 0:28:08]} 27... Bxd5 {[%clk 0:09:26]} 28. exd5
{[%clk 0:28:24]} 28... Rxc1 {[%clk 0:07:37]} 29. Rxc1 {[%clk 0:22:56]} 29... g5
{[%clk 0:06:31]} 30. Bg3 {[%clk 0:20:57]} 30... Rd8 {[%clk 0:05:56]} 31. Rd1 {
[%clk 0:20:39]} 31... Bd6 {[%clk 0:05:11]} 32. Bxd6 {[%clk 0:19:36]} 32... Rxd6
{[%clk 0:05:35]} 33. Kd4 {[%clk 0:19:51]} 33... Kf8 {[%clk 0:04:46]} 34. Re1 {
[%clk 0:19:17]} 34... h6 {[%clk 0:04:40]} 35. Kc5 {[%clk 0:19:20]} 35... Rd8 {
[%clk 0:04:20]} 36. d6 {[%clk 0:18:12]} 36... Rc8+ {[%clk 0:03:45]} 37. Kb6 {
[%clk 0:18:29]} 37... Rc3 {[%clk 0:03:29]} 38. d7 {[%clk 0:18:23]} 1-0

[Event "DEM U12w 2018"]
[Site "Willingen GER"]
[Date "2018.05.21"]
[Round "3"]
[White "Bashylina, Luisa"]
[Black "Breß, Amy Charlize"]
[Result "1-0"]
[Termination "normal"]
[Board "2"]
[WhiteElo "1764"]
[BlackElo "1558"]
[WhiteClock "00:33:18"]
[BlackClock "00:02:53"]
[PlyCount "61"]
[WhiteFideId "12983292"]
[BlackFideId "16233786"]
[EventCountry "GER"]
[EventRounds "11"]
[EventType "swiss"]
[EventDate "2018.05.19"]

1. e4 {[%clk 1:15:59]} 1... c5 {[%clk 1:15:52]} 2. Nf3 {[%clk 1:16:24]} 2... e6
{[%clk 1:16:13]} 3. d4 {[%clk 1:16:51]} 3... cxd4 {[%clk 1:16:36]} 4. Nxd4 {
[%clk 1:17:17]} 4... a6 {[%clk 1:16:57]} 5. Nc3 {[%clk 1:17:23]} 5... Qc7 {
[%clk 1:16:33]} 6. Bd3 {[%clk 1:17:23]} 6... Nf6 {[%clk 1:14:14]} 7. O-O {
[%clk 1:17:38]} 7... Be7 {[%clk 1:13:17]} 8. Kh1 {[%clk 1:17:43]} 8... O-O {
[%clk 1:11:33]} 9. f4 {[%clk 1:17:51]} 9... d6 {[%clk 1:11:47]} 10. Qe2 { [%clk
1:15:17]} 10... Nbd7 {[%clk 1:06:48]} 11. Bd2 {[%clk 1:14:58]} 11... b5 { [%clk
1:01:06]} 12. Rf3 {[%clk 1:12:49]} 12... Bb7 {[%clk 0:58:33]} 13. Rh3 { [%clk
1:12:08]} 13... Rac8 {[%clk 0:36:14]} 14. Re1 {[%clk 1:10:50]} 14... e5 { [%clk
0:21:52]} 15. Nf5 {[%clk 1:08:23]} 15... Rfe8 {[%clk 0:20:30]} 16. Qf3 { [%clk
1:04:58]} 16... Bf8 {[%clk 0:19:43]} 17. Qg3 {[%clk 0:59:55]} 17... Kh8 { [%clk
0:08:32]} 18. a3 {[%clk 0:49:47]} 18... Qd8 {[%clk 0:05:53]} 19. Qh4 { [%clk
0:45:46]} 19... g6 {[%clk 0:04:32]} 20. Ng3 {[%clk 0:42:07]} 20... Bg7 { [%clk
0:04:02]} 21. f5 {[%clk 0:42:05]} 21... Nf8 {[%clk 0:02:47]} 22. Bg5 { [%clk
0:41:37]} 22... N8d7 {[%clk 0:03:06]} 23. Rf1 {[%clk 0:39:45]} 23... Kg8 {[%clk
0:03:02]} 24. Be2 {[%clk 0:36:28]} 24... Rc7 25. Bg4 {[%clk 0:35:04]} 25... h5
{[%clk 0:01:51]} 26. Bd1 {[%clk 0:33:41]} 26... Rf8 {[%clk 0:02:10]} 27. Bxh5
{[%clk 0:33:02]} 27... gxh5 {[%clk 0:02:33]} 28. Nxh5 {[%clk 0:33:25]} 28...
Re8 {[%clk 0:02:25]} 29. Nxg7 {[%clk 0:33:10]} 29... Kxg7 {[%clk 0:02:40] } 30.
Qh6+ {[%clk 0:33:18]} 30... Kg8 {[%clk 0:02:53]} 31. Qh8# 1-0

[Event "DEM U12w 2018"]
[Site "Willingen GER"]
[Date "2018.05.21"]
[Round "3"]
[White "Wörz, Ann-Sophie"]
[Black "Zhou, Lepu Coco"]
[Result "0-1"]
[Termination "normal"]
[Board "3"]
[WhiteElo "1433"]
[BlackElo "1720"]
[WhiteClock "00:36:48"]
[BlackClock "01:01:43"]
[PlyCount "62"]
[WhiteFideId "16265890"]
[BlackFideId "16217136"]
[EventCountry "GER"]
[EventRounds "11"]
[EventType "swiss"]
[EventDate "2018.05.19"]

1. d4 {[%clk 1:15:59]} 1... Nf6 {[%clk 1:15:56]} 2. Bg5 {[%clk 1:16:23]} 2...
Ne4 {[%clk 1:16:02]} 3. Nf3 {[%clk 1:14:41]} 3... Nxg5 {[%clk 1:16:07]} 4. Nxg5
{[%clk 1:15:08]} 4... h6 {[%clk 1:16:20]} 5. Nf3 {[%clk 1:15:10]} 5... d5 {
[%clk 1:16:21]} 6. Nc3 {[%clk 1:14:53]} 6... Nc6 {[%clk 1:16:20]} 7. e4 { [%clk
1:14:33]} 7... dxe4 {[%clk 1:14:08]} 8. Nxe4 {[%clk 1:13:32]} 8... Bg4 { [%clk
1:11:38]} 9. c3 {[%clk 1:10:11]} 9... Qd5 {[%clk 1:07:36]} 10. Bd3 { [%clk
1:07:41]} 10... O-O-O {[%clk 1:06:51]} 11. h3 {[%clk 1:05:14]} 11... Bh5 {[%clk
1:04:18]} 12. a4 {[%clk 1:01:27]} 12... e5 {[%clk 1:04:27]} 13. g4 { [%clk
0:57:23]} 13... Bg6 {[%clk 1:04:30]} 14. c4 {[%clk 0:55:35]} 14... Qa5+ { [%clk
1:03:57]} 15. Qd2 {[%clk 0:50:56]} 15... Qxd2+ {[%clk 1:04:19]} 16. Kxd2 {[%clk
0:50:18]} 16... Nxd4 {[%clk 1:04:31]} 17. Nxd4 {[%clk 0:49:16]} 17... Rxd4
{[%clk 1:04:54]} 18. f3 {[%clk 0:47:16]} 18... Be7 {[%clk 1:01:36]} 19. Ke2
{[%clk 0:46:21]} 19... Rhd8 {[%clk 1:01:13]} 20. Rhd1 {[%clk 0:45:43]} 20... h5
{[%clk 0:59:40]} 21. gxh5 {[%clk 0:40:03]} 21... Bxh5 {[%clk 1:00:02]} 22. Ng3
{[%clk 0:40:26]} 22... Bxf3+ {[%clk 1:00:20]} 23. Kxf3 {[%clk 0:39:54]} 23...
Rxd3+ {[%clk 1:00:46]} 24. Rxd3 {[%clk 0:40:19]} 24... Rxd3+ { [%clk 1:01:12]}
25. Kg2 {[%clk 0:39:52]} 25... Rd2+ {[%clk 1:01:33]} 26. Kf3 { [%clk 0:40:19]}
26... Rxb2 {[%clk 1:01:55]} 27. Nf5 {[%clk 0:40:36]} 27... Bf6 {[%clk 1:01:38]}
28. a5 {[%clk 0:37:43]} 28... e4+ {[%clk 1:02:01]} 29. Kxe4 { [%clk 0:36:53]}
29... Re2+ {[%clk 1:01:33]} 30. Kd3 {[%clk 0:37:07]} 30... Rf2 {[%clk 1:01:38]}
31. Nd4 {[%clk 0:36:48]} 31... c5 {[%clk 1:01:43]} 0-1

[Event "DEM U12w 2018"]
[Site "Willingen GER"]
[Date "2018.05.21"]
[Round "3"]
[White "Roncea, Andreea-Alexandra"]
[Black "Hubert, Charlotte"]
[Result "1/2-1/2"]
[Termination "normal"]
[Board "4"]
[WhiteElo "1532"]
[BlackElo "1219"]
[WhiteClock "00:16:25"]
[BlackClock "00:15:04"]
[PlyCount "48"]
[WhiteFideId "16233115"]
[BlackFideId "16265920"]
[EventCountry "GER"]
[EventRounds "11"]
[EventType "swiss"]
[EventDate "2018.05.19"]

1. e4 {[%clk 1:15:59]} 1... d5 {[%clk 1:15:54]} 2. exd5 {[%clk 1:16:22]} 2...
Qxd5 {[%clk 1:16:16]} 3. Nc3 {[%clk 1:16:41]} 3... Qa5 {[%clk 1:16:34]} 4. d4 {
[%clk 1:16:53]} 4... Nf6 {[%clk 1:16:42]} 5. Nf3 {[%clk 1:16:53]} 5... Bg4 {
[%clk 1:17:01]} 6. h3 {[%clk 1:16:58]} 6... Bh5 {[%clk 1:16:43]} 7. g4 { [%clk
1:17:13]} 7... Bg6 {[%clk 1:17:04]} 8. Ne5 {[%clk 1:16:19]} 8... c6 { [%clk
1:14:46]} 9. h4 {[%clk 1:15:17]} 9... Be4 {[%clk 1:12:08]} 10. Rh3 { [%clk
1:11:23]} 10... Bd5 {[%clk 1:06:53]} 11. Bd2 {[%clk 1:07:01]} 11... Qc7 { [%clk
1:06:02]} 12. Nxd5 {[%clk 1:01:00]} 12... Nxd5 {[%clk 1:04:58]} 13. c4 { [%clk
0:57:33]} 13... Nb6 {[%clk 1:02:26]} 14. Bf4 {[%clk 0:56:00]} 14... Qd8 { [%clk
1:01:13]} 15. g5 {[%clk 0:51:23]} 15... e6 {[%clk 0:57:50]} 16. Rf3 { [%clk
0:47:06]} 16... Bb4+ {[%clk 0:49:43]} 17. Ke2 {[%clk 0:42:18]} 17... Rf8 {[%clk
0:45:56]} 18. a3 {[%clk 0:36:22]} 18... Be7 {[%clk 0:39:56]} 19. Ke1 { [%clk
0:32:46]} 19... N8d7 {[%clk 0:35:29]} 20. Nxd7 {[%clk 0:30:24]} 20... Qxd7
{[%clk 0:32:42]} 21. Be3 {[%clk 0:26:54]} 21... O-O-O {[%clk 0:29:26]} 22. Qd2
{[%clk 0:23:08]} 22... Na8 {[%clk 0:16:35]} 23. Kd1 {[%clk 0:19:48]} 23... Nc7
{[%clk 0:15:04]} 24. Kc2 {[%clk 0:16:25]} 24... c5 1/2-1/2

[Event "DEM U12w 2018"]
[Site "Willingen GER"]
[Date "2018.05.21"]
[Round "3"]
[White "Lorenz, Anouk"]
[Black "Pohle, Saskia"]
[Result "1-0"]
[Termination "normal"]
[Board "5"]
[WhiteElo "1310"]
[BlackElo "1611"]
[WhiteClock "00:51:47"]
[BlackClock "00:10:51"]
[PlyCount "73"]
[WhiteFideId "12990256"]
[BlackFideId "16201604"]
[EventCountry "GER"]
[EventRounds "11"]
[EventType "swiss"]
[EventDate "2018.05.19"]

1. e4 {[%clk 1:15:58]} 1... e5 {[%clk 1:15:57]} 2. Nf3 {[%clk 1:16:22]} 2...
Nc6 {[%clk 1:16:23]} 3. d4 {[%clk 1:16:41]} 3... exd4 {[%clk 1:16:44]} 4. Bc4 {
[%clk 1:16:59]} 4... Nf6 {[%clk 1:17:08]} 5. e5 {[%clk 1:17:21]} 5... d5 {
[%clk 1:17:31]} 6. Bb5 {[%clk 1:17:43]} 6... Ne4 {[%clk 1:17:53]} 7. Nxd4 {
[%clk 1:18:01]} 7... Bd7 {[%clk 1:18:15]} 8. Bxc6 {[%clk 1:18:18]} 8... bxc6 {
[%clk 1:18:38]} 9. O-O {[%clk 1:18:34]} 9... Bc5 {[%clk 1:18:48]} 10. f3 {
[%clk 1:18:55]} 10... Ng5 {[%clk 1:13:41]} 11. f4 {[%clk 1:19:05]} 11... Ne4 {
[%clk 1:13:16]} 12. Be3 {[%clk 1:19:20]} 12... Bb6 {[%clk 1:13:18]} 13. Nd2 {
[%clk 1:19:18]} 13... Nxd2 {[%clk 1:13:16]} 14. Qxd2 {[%clk 1:19:34]} 14... c5
{[%clk 1:12:56]} 15. Nf3 {[%clk 1:19:48]} 15... d4 {[%clk 1:12:58]} 16. Bf2 {
[%clk 1:19:54]} 16... O-O {[%clk 1:12:59]} 17. Kh1 {[%clk 1:17:00]} 17... Bc6 {
[%clk 1:11:14]} 18. f5 {[%clk 1:16:28]} 18... Bxf3 {[%clk 1:00:29]} 19. gxf3 {
[%clk 1:16:47]} 19... Qd5 {[%clk 1:00:48]} 20. Qf4 {[%clk 1:05:32]} 20... c6 {
[%clk 0:54:53]} 21. f6 {[%clk 1:00:14]} 21... Bd8 {[%clk 0:32:15]} 22. Rg1 {
[%clk 0:58:37]} 22... g6 {[%clk 0:31:41]} 23. Qh6 {[%clk 0:57:39]} 23... Bxf6 {
[%clk 0:32:06]} 24. exf6 {[%clk 0:57:24]} 24... Qxf3+ {[%clk 0:32:31]} 25. Rg2
{[%clk 0:57:43]} 25... Qxf6 {[%clk 0:32:58]} 26. Bh4 {[%clk 0:57:26]} 26... Qg7
{[%clk 0:30:54]} 27. Qxg7+ {[%clk 0:56:33]} 27... Kxg7 {[%clk 0:31:18]} 28. Be7
{[%clk 0:56:54]} 28... Rfe8 {[%clk 0:31:31]} 29. Bxc5 {[%clk 0:57:02]} 29...
Re4 {[%clk 0:30:35]} 30. Rd1 {[%clk 0:57:07]} 30... a6 {[%clk 0:19:10]} 31.
Bxd4+ {[%clk 0:56:41]} 31... Kg8 {[%clk 0:19:28]} 32. Rgd2 {[%clk 0:54:29]}
32... f5 {[%clk 0:13:24]} 33. Bc3 {[%clk 0:52:59]} 33... Ree8 {[%clk 0:13:15]}
34. Rd7 {[%clk 0:52:27]} 34... f4 {[%clk 0:12:34]} 35. Rg7+ {[%clk 0:52:19]}
35... Kf8 {[%clk 0:12:39]} 36. Rxh7 {[%clk 0:52:13]} 36... g5 {[%clk 0:10:51]}
37. Rdd7 {[%clk 0:51:47]} 1-0

[Event "DEM U12w 2018"]
[Site "Willingen GER"]
[Date "2018.05.21"]
[Round "3"]
[White "Bildat, Emilia"]
[Black "Keymer, Cecilia"]
[Result "1/2-1/2"]
[Termination "normal"]
[Board "6"]
[WhiteElo "1460"]
[BlackElo "1423"]
[WhiteClock "00:19:46"]
[BlackClock "00:10:09"]
[PlyCount "78"]
[WhiteFideId "16218140"]
[BlackFideId "16233468"]
[EventCountry "GER"]
[EventRounds "11"]
[EventType "swiss"]
[EventDate "2018.05.19"]

1. c4 {[%clk 1:15:57]} 1... c6 {[%clk 1:15:55]} 2. Nc3 {[%clk 1:16:18]} 2... d5
{[%clk 1:16:05]} 3. cxd5 {[%clk 1:16:42]} 3... cxd5 {[%clk 1:16:16]} 4. d4 {
[%clk 1:17:05]} 4... Nf6 {[%clk 1:16:16]} 5. Nf3 {[%clk 1:16:50]} 5... Nc6 {
[%clk 1:15:41]} 6. Bg5 {[%clk 1:16:20]} 6... e6 {[%clk 1:10:41]} 7. e3 { [%clk
1:14:17]} 7... h6 {[%clk 1:08:33]} 8. Bxf6 {[%clk 1:14:11]} 8... Qxf6 { [%clk
1:08:13]} 9. Bd3 {[%clk 1:13:59]} 9... Bb4 {[%clk 1:06:25]} 10. Rc1 { [%clk
1:13:30]} 10... Bd7 {[%clk 1:03:34]} 11. O-O {[%clk 1:13:33]} 11... O-O { [%clk
1:03:10]} 12. a3 {[%clk 1:13:13]} 12... Ba5 {[%clk 1:02:44]} 13. b4 { [%clk
1:13:12]} 13... Bd8 {[%clk 1:00:37]} 14. b5 {[%clk 1:11:42]} 14... Ne7 { [%clk
0:57:06]} 15. Ne5 {[%clk 1:11:07]} 15... Be8 {[%clk 0:54:09]} 16. Ng4 { [%clk
1:08:11]} 16... Qh4 {[%clk 0:48:44]} 17. g3 {[%clk 0:59:50]} 17... Qh3 { [%clk
0:46:45]} 18. f4 {[%clk 0:59:16]} 18... f5 {[%clk 0:41:51]} 19. Ne5 { [%clk
0:56:13]} 19... Bh5 {[%clk 0:30:45]} 20. Be2 {[%clk 0:55:07]} 20... Bxe2 {[%clk
0:27:51]} 21. Qxe2 {[%clk 0:55:02]} 21... g6 {[%clk 0:26:22]} 22. Na4 { [%clk
0:52:27]} 22... b6 {[%clk 0:23:29]} 23. Nb2 {[%clk 0:49:49]} 23... Qh5 { [%clk
0:22:55]} 24. Qxh5 {[%clk 0:49:17]} 24... gxh5 {[%clk 0:23:20]} 25. Nc6 { [%clk
0:47:31]} 25... Kf7 {[%clk 0:19:31]} 26. Nd3 {[%clk 0:45:17]} 26... a6 { [%clk
0:19:20]} 27. Nde5+ {[%clk 0:44:05]} 27... Ke8 {[%clk 0:18:54]} 28. Nxd8 {[%clk
0:39:55]} 28... Kxd8 {[%clk 0:19:05]} 29. Rb1 {[%clk 0:38:22]} 29... Nc8 {[%clk
0:18:14]} 30. bxa6 {[%clk 0:34:16]} 30... Rxa6 {[%clk 0:18:12]} 31. Rb3 {[%clk
0:30:57]} 31... Nd6 {[%clk 0:16:35]} 32. Rc1 {[%clk 0:28:23]} 32... b5 { [%clk
0:15:42]} 33. Rc6 {[%clk 0:24:42]} 33... Rxc6 {[%clk 0:15:27]} 34. Nxc6+ {[%clk
0:25:05]} 34... Kc7 {[%clk 0:14:02]} 35. Rc3 {[%clk 0:23:26]} 35... Nc4 {[%clk
0:13:24]} 36. Ne5 {[%clk 0:22:49]} 36... Ra8 {[%clk 0:11:37]} 37. Nxc4 { [%clk
0:21:22]} 37... dxc4 {[%clk 0:11:40]} 38. Kg2 {[%clk 0:21:27]} 38... Rg8 {[%clk
0:11:29]} 39. Kf3 {[%clk 0:19:46]} 39... Kc6 {[%clk 0:10:09]  Ke4} 1/2-1/2